Norwegian History Quiz 2025 - Statistics

General Stats
  • This quiz has been taken 53 times
  • The average score is 7 of 15
Answer Stats
Hint Answer % Correct
Former Part of Sweden
98%
Main Language Norwegian
96%
Capital Oslo
75%
Independent Since 1905
71%
Main Enemy Russia
69%
Number of Political Parties 9
67%
Number of Counties 15
54%
Current Prime Minister Jonas Gahr Støre
46%
Currency Norwegian Krone
40%
Form of Government Democracy
35%
Number of Prime Ministers 29
29%
Closest Ally Iceland
27%
Rank in the Military Charts 38
19%
Main Religion Lutheran Christianity
8%
Main Export Petroleum Gas
0%
No matching quizzes found
Score Distribution
Percent of People with Each Score
Percentile by Number Answered
Your Score History
You have not taken this quiz